Che cos'è l'autismo infantile (Record n. 217818)
[ formato base ]
| 000 -LEADER | |
|---|---|
| fixed length control field | 01361nam a2200205Ia 4500 |
| 001 - CONTROL NUMBER | |
| control field | a1418-36066 |
| 003 - CONTROL NUMBER IDENTIFIER | |
| control field | IT-MiCISF |
| 008 - FIXED-LENGTH DATA ELEMENTS--GENERAL INFORMATION | |
| fixed length control field | 161014s9999||||xx |||||||||||||| ||und|| |
| 040 ## - CATALOGING SOURCE | |
| Original cataloging agency | IT-MiCISF |
| Transcribing agency | IT-MiCISF |
| 041 ## - LANGUAGE CODE | |
| Language code of text/sound track or separate title | it |
| 999 ## - SYSTEM CONTROL NUMBERS (KOHA) | |
| Koha Dewey Subclass [OBSOLETE] | si |
| 100 ## - MAIN ENTRY--PERSONAL NAME | |
| Personal name | Cottini Lucio |
| 245 #0 - TITLE STATEMENT | |
| Title | Che cos'è l'autismo infantile |
| 250 ## - EDITION STATEMENT | |
| Edition statement | 1a ed. |
| 260 ## - PUBLICATION, DISTRIBUTION, ETC. (IMPRINT) | |
| Place of publication, distribution, etc. | Roma |
| Name of publisher, distributor, etc. | Carocci |
| Date of publication, distribution, etc. | 2002 |
| 300 ## - PHYSICAL DESCRIPTION | |
| Extent | pp. 155 |
| 500 ## - GENERAL NOTE | |
| General note | / disturbi-sviluppo, teoria, esperienze, infanzia / L'obbiettivo di questo libro è quello di fare il punto sulle cause, l'evoluzione e le conoscenze attualmente disponibili dell'autismo infantile, realtà quanto mai composita.Va messo in evidenza come, sotto l'etichetta di bambino autistico, si celino situazioni personali che, pur presentando alcuni fattori comuni, risultano del tutto autonome, difficilmente comprensibili e non riducibili ad uno stereotipo descrittivo. Alla luce di ciò, la trattazione sviluppata nel corso del testo intende esaminare i principali punti di forza e quelli di debolezza, tenendo sempre presente la complessità di passare dall'analisi dei sintomi all'interpretazione del comportamento. Per cercare di andare più in profondità, viene anche presentata una visione "dal di dentro", derivata dagli scritti di alcune persone autistiche. |
| 650 ## - SUBJECT ADDED ENTRY--TOPICAL TERM | |
| Topical term or geographic name as entry element | Infanzia / salute-cura |
| Relator term | 008 |
| 942 ## - ADDED ENTRY ELEMENTS (KOHA) | |
| Koha item type | LIBRO |
| 957 ## - | |
| -- | 1 |
| 999 ## - SYSTEM CONTROL NUMBERS (KOHA) | |
| -- | 1 |
| Withdrawn status | Lost status | Damaged status | Not for loan | Home library | Current library | Date acquired | Total Checkouts | Full call number | Date last seen | Price effective from | Koha item type | Public note |
|---|---|---|---|---|---|---|---|---|---|---|---|---|
| Buone Condizioni | Not For Loan | CISF - Milano | CISF - Milano | 14/10/2016 | a1418-36066 | 14/10/2016 | 14/10/2016 | LIBRO | Data import 15.10.2016 / by Epidotti, Vaglietti |